| LEADER : 00000nam 2200000uu 4500 |
| 001 13399128833 |
| 003 ULIB |
| 008 241009s2565||||th 000 0 tha d |
| 020 ^- ^a9786162962677
|
| 050 ^- ^aBJ 1528.T5^bก137ค
|
| 100 0^ ^aกมลวรรณ คารมปราชญ์ คล้ายแก้ว
|
| 245 10 ^aคุณธรรมจริยธรรมในสังคมไทยยุค 4.0 : แนวคิด ทฤษฎี งานวิจัย และแนวทางการพัฒนา /^cกมลวรรณ คารมปราชญ์ คล้ายแก้ว.
|
| 250 ^- ^aพิมพ์ครั้งที่ 1.
|
| 260 ^- ^aกรุงเทพฯ :^bสำนักงานนวัตกรรมการเรียนรู้ มหาวิทยาลัยศรีนครินทรวิโรฒ,^c2565.
|
| 300 ^- ^a264 หน้า :^bตาราง, แผนภาพ ;^c26 ซม.
|
| 650 ^4 ^aจริยธรรมแง่สังคม
|
| 650 ^4 ^aคุณธรรมแง่สังคม
|
| 650 ^4 ^aมนุษย์กับสังคม
|
| 945 ^p299^l0^i011046
|
| 945 ^p299^l0^i011047
|
| 945 ^p299^l0^i011048 |
| 999 ^aประนอม เกษจรัล
|